00474 2200193 4500001002100000005001500021008004100036020002200077035001900099041000600118082001200124090001800136100001800154245002800172260002400200300002200224500000600246650002800252INLIS00000000000621320241224113241241224||||||||| | ||| |||| ||  a978-602-1595-96-1 0010-1224006213 a00 a630.203 a630.203 DEN k0 aDenny manatap00aKamus Lengkap Pertanian aJakartabPadic2016 aiv,446 hlm.;18 cm a1 0aKamus Lengkap Pertanian